00378nam a2200109Ia 45000010005000000080041000050200022000460820017000681000011000852450128000962600044002241672241024s9999 xx 000 0 und d a978-9945-404-20-3 aRD/306/UN56c aUNESCO 0aConvención sobre protección y promoción de la diversidad de las expresiones culturales, París 20 de octubre de 2005 bSecretaría de Estado de Culturac2009